|
|
|
|
| LEADER |
00000nam a2200000 a 4500 |
| 001 |
vtls010074308 |
| 003 |
SK-MaSNL |
| 005 |
20260413104940.0 |
| 008 |
240314s2009 xo l d p 000 0 slo |
| 015 |
|
|
|a SNBA2010/03-01486
|
| 020 |
|
|
|a 9788055203041
|q (brož.)
|
| 035 |
|
|
|a 4BDB1790-DD3F-4CBD-ADC7-82408AD32D7D
|
| 035 |
|
|
|a urn:nbn:sk:snk-amjwqh
|
| 035 |
|
|
|a urn:nbn:sk:snk-am0083pl
|
| 040 |
|
|
|a SNK
|b slo
|c SNK
|e AACR2
|
| 041 |
0 |
|
|a slo
|
| 044 |
|
|
|a xo
|c SK
|
| 072 |
|
7 |
|a 636
|x Živočíšna výroba
|2 konspekt
|
| 080 |
|
|
|a 636
|2 2001
|
| 080 |
|
|
|a 636.08
|2 2001
|
| 080 |
|
|
|a (075.8)
|2 2001
|
| 100 |
1 |
|
|a Mlynek, Juraj,
|d 1954-
|4 aut
|9 1636710
|
| 245 |
1 |
0 |
|a Živočíšna produkcia a výroba
|c J. Mlynek, K. Vavrišinová
|
| 250 |
|
|
|a 2. nezm. vyd.
|
| 260 |
|
|
|a Nitra
|b Slovenská poľnohospodárska univerzita
|c 2009
|
| 300 |
|
|
|a 119 s.
|b sch., tab.
|c 29 cm
|
| 366 |
|
|
|e 150 výt.
|
| 504 |
|
|
|a Bibliogr.
|
| 650 |
0 |
7 |
|a živočíšna výroba
|2 SNKPH
|9 2836
|
| 650 |
0 |
7 |
|a chov hospodárskych zvierat
|2 SNKPH
|9 2802
|
| 650 |
0 |
7 |
|a Livestock keeping
|2 SNKPHeng
|9 326634
|
| 650 |
0 |
7 |
|a Animal industry
|2 SNKPHeng
|9 265282
|
| 655 |
|
7 |
|a učebnice vysokých škôl
|2 SNKPH
|9 70191
|
| 655 |
|
7 |
|a Textbooks (higher)
|2 SNKPHeng
|9 276436
|
| 700 |
1 |
|
|a Vavrišinová, Klára
|4 aut
|9 8377
|
| 919 |
|
|
|a 978-80-552-0304-1
|
| 958 |
|
|
|a NB
|
| 968 |
|
|
|d 63
|
| 999 |
|
|
|c 833045
|d 834975
|
| 952 |
|
|
|a SNK
|b SNK
|y PREZ
|7 0
|p 17A0649288
|o snkSB 79104
|i snk2010/4885
|8 0
|0 0
|1 0
|4 0
|d 2010-03-11
|f 1
|l 0
|r 2025-04-30 00:00:00
|w 2026-02-24
|
| 952 |
|
|
|a SNK
|b SNK
|y VYP
|7 0
|p 17A0649289
|o snkSB 79104 D1
|i snk2010/4886
|8 0
|0 0
|1 0
|4 0
|d 2010-03-11
|l 0
|r 2016-06-30 00:00:00
|w 2026-02-24
|